|
|
|
|
| LEADER |
00730nam a2200253 a 4500 |
| 001 |
000335366 |
| 003 |
CZ BrMZK |
| 005 |
19980105143423.0 |
| 007 |
ta |
| 008 |
980105s1990 xo f slo d |
| 040 |
|
|
|a BOA001
|b cze
|
| 080 |
|
|
|a 338.27
|2 MRF
|
| 080 |
|
|
|a 001.18
|2 MRF
|
| 080 |
|
|
|a 008.2
|2 MRF
|
| 100 |
1 |
|
|a Gál, Fedor,
|d 1945-
|7 jn19990209203
|4 aut
|
| 245 |
1 |
0 |
|a Možnosť a skutočnosť /
|c Fedor Gál
|
| 250 |
|
|
|a 1. vyd.
|
| 260 |
|
|
|a Bratislava :
|b Obzor,
|c 1990
|
| 300 |
|
|
|a 183 S.
|
| 490 |
1 |
|
|a Malá moderná encyklopédia
|
| 830 |
|
0 |
|a Malá moderná encyklopédia
|
| 910 |
|
|
|a BOA001
|b 2-0956.697
|
| 990 |
|
|
|a BK
|
| 996 |
7 |
|
|b 2619343648
|c 2-0956.697
|l MZK
|r Sklad / do 1 hodiny
|n 2
|w 000335366
|u 000010
|a 1
|e BOA001
|j MZK50
|s A
|